000 00766nam a2200229 i 4500
001 135116
003 ES-MaACL
005 20230906194817.0
007 t|
008 070710s1960 ag ||||1| spa d
100 1 _aThoreau, Henry David.
_9110134
245 1 0 _aEscritos selectos sobre naturaleza y libertad /
_cHenry David Thoreau ; recopilación e introducción de Oscar Cargill ; [traducción de Mario A. Marino].
260 _aBuenos Aires :
_bÁgora,
_c[1960]
300 _a176 p. ;
_c21 cm.
490 1 _aHombres y problemas ;
_v35
650 0 0 _aLibertad.
_914400
700 1 _aCargill, Oscar.
_935238
700 1 _aMarino, Mario A.
_976854
830 1 _aHombres y problemas ;
_v35
_9186999
852 _aES-MaACL
_jC-24885
999 _c135116
_d135116